| 000 | 00780nam a22002532a 4500 | ||
|---|---|---|---|
| 001 | 22670 | ||
| 003 | BD-RjUL | ||
| 005 | 20211209000833.0 | ||
| 008 | 140309s1967 enkabef b 000 0 eng d | ||
| 035 | _a(BD-RjUL)22735 | ||
| 040 |
_aDLC _cDLC _dUKM _dEQO _dBD-RjUL _beng |
||
| 041 | _aeng | ||
| 082 | 0 | 0 |
_a027.4 _bEAM 1967 |
| 100 | 1 |
_aEastwood, C. R. _q(Charles Ronald) _969969 |
|
| 245 | 1 | 0 |
_aMobile libraries and other public library transport / _cby C. R. Eastwood |
| 260 |
_aLondon : _bAssociation of Assistant Librarians, _c1967 |
||
| 300 |
_a272 p. : _b9 plates (incl. map), plans, tables. ; _c22 1/2 cm |
||
| 500 | _aInclude index | ||
| 504 | _aBibliography: p. 255-263 | ||
| 650 | 0 |
_aBookmobiles _92701 |
|
| 942 |
_2ddc _cBK |
||
| 999 |
_c22670 _d22670 |
||